| 000 | 01680cam a22004337a 4500 | ||
|---|---|---|---|
| 003 | CHAP | ||
| 005 | 20220329142808.0 | ||
| 008 | 031027s2003 mx r 00010 spa d | ||
| 010 | _a87849 | ||
| 011 | _a88821 | ||
| 035 | _a99366 | ||
| 040 | _cCHAP | ||
| 090 | _aTesis | ||
| 100 | 0 | 0 |
_aCervantes García, Rubí Esmeralda. _921566 |
| 245 | 1 | 0 |
_aBiocontrol y supresión de nemátodos en el cultivo de clavel Dianthus caryophyllus var. Nelson) en San José, Coatepec Harinas, Estado de México _c/por Rubí Esmeralda Cervantes García |
| 260 |
_aChapingo, Méx. : _bEl autor, _c2003. |
||
| 300 | _a51 h. | ||
| 502 | _aTesis (Ing. Agr. Esp. en Parasitología Agrícola) -- UACH. Departamento de Parasitología Agrícola | ||
| 530 | _aTambién disponible en línea | ||
| 590 |
_aALEPH _b10 _c20130110 _lUCH01 _h1456 |
||
| 590 |
_aBATCH-UPD _b10 _c20130110 _lUCH01 _h0810 |
||
| 590 |
_aBATCH-UPD _b10 _c20130410 _lUCH01 _h0447 |
||
| 590 |
_aBATCH-UPD _b10 _c20130914 _lUCH01 _h0947 |
||
| 590 |
_aBATCH-UPD _b10 _c20140324 _lUCH01 _h1441 |
||
| 590 |
_aBATCH-UPD _b10 _c20141002 _lUCH01 _h0820 |
||
| 590 |
_aBATCH _b00 _c20181121 _lUCH01 _h0759 |
||
| 590 |
_aCONVERSION _b10 _c20130109 _lUCH01 _h1349 |
||
| 650 | 1 | 4 |
_aClavel _xEnfermedades por nemátodos. _923703 |
| 650 | 1 | 4 |
_aFloricultura _zMéxico (Edo.). _941853 |
| 650 | 1 | 4 |
_aMeloidogyne. _974428 |
| 650 | 1 | 4 |
_aNematicidas. _980808 |
| 856 |
_3Finding aid _uhttp://10.13.5.2/tesis/99366.pdf _zTeclea aqui |
||
| 856 |
_a1 _n0001521 |
||
| 901 | _aBK | ||
| 905 | _aAlejandra Carrasco M. | ||
| 942 | _cFOLL | ||
| 949 |
_aTesis _bBC _cTES _d33724000891461 _eTS2 _fc.2 _h41553 _i99366 _si |
||
| 949 |
_aTesis _bBC _cTES _d993661 _eTS1 _h41552 _i99366 _sb |
||
| 999 |
_c87849 _d87849 |
||